Zatmenie panny

Bibliographic Details
Main Author: Šeliga, Andrej, 1977- (Author)
Format: Book
Language:Slovak
PhysicalDescription:61 strán 21 cm
Published: Bratislava Vydavateľstvo Spolku slovenských spisovateľov 2002
ISBN:808061167X
Edition:1. vyd.
Series:Rubato 2002
Subjects:

MARC

LEADER 00000cam a2200000 a 4500
001 vtls001453480
003 SK-MaSNL
005 20260302002316.0
008 240226s2002 xo gr 000 p slo
015 |a SNBA2003/09-03453 
020 |a 808061167X  |q (viazané) 
035 |a SNK000408787 
035 |a urn:nbn:sk:snk-am3ith5 
035 |a EF9B2B56-80D4-4BE5-BE3F-D3B945D0E6D7 
035 |a urn:nbn:sk:snk-am00fhpf 
040 |a SNK  |b slo  |c SNK  |e AACR2 
041 0 |a slo 
044 |a xo  |c SK 
072 7 |a 821.162.4-1  |x Slovenská poézia  |2 konspekt 
080 |a 821.162.4-1  |2 1997 
080 |a 821.162.4-1  |2 2011 
080 |a 82‑14  |2 2011 
100 1 |a Šeliga, Andrej,  |d 1977-  |4 aut  |9 123697 
245 1 0 |a Zatmenie panny  |c Andrej Šeliga 
250 |a 1. vyd. 
260 |a Bratislava  |b Vydavateľstvo Spolku slovenských spisovateľov  |c 2002 
300 |a 61 strán  |c 21 cm 
490 1 |a Rubato 2002  |v roč. 5 
655 7 |a lyrická poézia  |2 SNKPH  |9 70613 
655 7 |a slovenská poézia  |2 SNKPH  |9 70444 
830 0 |a Rubato 2002  |9 639509 
919 |a 80-8061-167-X 
958 |a TL 
958 |a LX 
958 |a OND 
999 |c 987486  |d 989416 
952 |t P60, <03>, [BOOK], {603}  |a SNK  |b SNK  |y PREZ  |7 0  |p 17A0384313  |o snkSC 111604  |i snkKSP 6002/2003  |0 0  |1 0  |4 0  |d 2003-05-19  |f 1  |l 0  |r 2025-10-01 00:00:00  |w 2026-02-24 
952 |t P60, <04>, [BOOK], {604}  |a SNK  |b SNK  |y VYP  |7 0  |p 17A0384314  |o snkSC 111604 D1  |i snkKSP 6003/2003  |0 0  |1 0  |4 0  |d 2003-05-19  |l 0  |r 2005-01-02 00:00:00  |w 2026-02-24